Gaming Quiz

Random Gaming or Video Games Quiz

Overwatch Heroes Quiz Stats

 Plays Quiz Updated Jul 26, 2018

Challenge
Share
Tweet
Embed
Score 0/28 Timer 05:00
64 Plays Today
Class Hero % Correct
DamageTracer
94.4%
DamageGenji
93%
DamageHanzo
91.9%
SupportMercy
91.9%
TankD.Va
89.8%
DamageReaper
89.5%
SupportLúcio
89.2%
TankRoadhog
88.7%
DamageWidowmaker
88%
SupportAna
88%
DamageSoldier: 76
87.7%
DamageBastion
87%
DamageJunkrat
86.8%
DamageDoomfist
86.2%
Class Hero % Correct
DamageMei
85.2%
TankWinston
85.1%
DamageMcCree
83.5%
TankReinhardt
83.4%
SupportZenyatta
83.3%
TankOrisa
82.9%
TankZarya
82.2%
DamagePharah
81.6%
SupportMoira
80.5%
TankWrecking Ball
80.4%
DamageSymmetra
80.1%
DamageTorbjörn
78.9%
DamageSombra
71.5%
SupportBrigitte
68.3%

You're not logged in!

Compare scores with friends on all Sporcle quizzes.
Join for Free
OR
Log In

You Might Also Like...

Show Comments

Extras

Top Quizzes Today


Score Distribution

Your Account Isn't Verified!

In order to create a playlist on Sporcle, you need to verify the email address you used during registration. Go to your Sporcle Settings to finish the process.

Report this User

Report this user for behavior that violates our Community Guidelines.

Details: